| 000 | 01201cam a22003377a 4500 | ||
|---|---|---|---|
| 003 | CHAP | ||
| 005 | 20220329141934.0 | ||
| 008 | 980824s1998 mx r 00010 spa d | ||
| 010 | _a75975 | ||
| 011 | _a76947 | ||
| 035 | _a86542 | ||
| 040 | _cCHAP | ||
| 090 | _aTesis | ||
| 100 | 0 | 0 |
_aJasso Pineda, Yolanda. _961223 |
| 245 | 1 | 0 |
_aActividad insecticida de polvos vegetales sobre el gorgojo del maíz Sitophilus zeamais Motsch. (Coleoptera: Curculionidae) _c/por Yolanda Jasso Pineda |
| 260 |
_aSan Luis Potosí, S.L.P. : _bEl autor, _c1998 |
||
| 300 |
_a34 h. : _bcuadros |
||
| 502 | _aTesis (M.C. Agropecuarias) -- Universidad Autónoma de San Luis Potosí. Facultad de Agronomía | ||
| 590 |
_aALEPH _b10 _c20130110 _lUCH01 _h1425 |
||
| 590 |
_aBATCH-UPD _b10 _c20130110 _lUCH01 _h1835 |
||
| 590 |
_aBATCH-UPD _b10 _c20130410 _lUCH01 _h1207 |
||
| 590 |
_aBATCH-UPD _b10 _c20130914 _lUCH01 _h1755 |
||
| 590 |
_aCONVERSION _b10 _c20130109 _lUCH01 _h1342 |
||
| 650 | 1 | 4 |
_aMaíz _xPlagas. _971034 |
| 650 | 1 | 4 |
_aPlantas insecticidas. _989010 |
| 650 | 1 | 4 |
_aSitophilus zeamais. _9106790 |
| 901 | _aBK | ||
| 905 | _aMayto Villalobos S. | ||
| 942 | _cTESIS | ||
| 949 |
_bBC _cTES _d865421 _eTS1 _h32804 _i86542 _sb |
||
| 999 |
_c75975 _d75975 |
||